[Event "US-ch Women 2018"]
[Site "Saint Louis"]
[Date "2018.04.22"]
[Round "5"]
[White "Krush, Irina"]
[Black "Paikidze, Nazi"]
[Result "1/2-1/2"]
[WhiteElo "2422"]
[BlackElo "2352"]
[Annotator "TA"]
[PlyCount "111"]
[EventDate "2018.??.??"]
[EventType "tourn"]
[EventCountry "USA"]
[SourceTitle "playchess.com"]
[Source "ChessBase"]
[SourceQuality "1"]

{[%evp 18,111,6,12,25,-2,27,-8,68,31,39,33,37,40,35,33,42,35,48,39,37,12,24,21,62,48,46,0,0,-1,0,0,0,0,0,22,103,103,244,212,228,171,222,81,88,107,85,86,92,54,88,72,84,47,47,47,48,52,64,64,64,64,64,50,50,50,50,16,16,8,12,0,16,16,16,16,16,6,6,6,6,6,6,0,0,0,0,0,0,0,0,0,0,0,0,0]} 1. d4 Nf6 2. c4 e6 3. Nc3 Bb4 4. e3 O-O 5. Bd3 d5 6. cxd5 exd5 7. Nge2 b6 8. O-O Bb7 9. a3 {E48: Nimzo-Indian: Rubinstein: 5 Bd3 d5 including 6 Ne2, but excluding 6 a3} Bd6 10. b4 {[%cal Bb2b4,Bb4b5][%mdl 32] LiveBook: 14 Games} a6 (10... c6 11. Rb1 a5 12. f3 axb4 13. axb4 Na6 14. b5 Nb4 15. bxc6 Bxc6 16. Bb5 Bb7 {1-0 (28) Navara,D (2725)-Movsesian,S (2673) Prague 2016}) 11. Qb3 $146 {White has an edge.} ({Predecessor:} 11. Rb1 Qe7 12. f3 c5 13. bxc5 bxc5 14. dxc5 Bxc5 15. Nd4 Nc6 16. Nf5 Qc7 17. Na4 Ba7 18. Qe1 Bc8 19. Kh1 Ne5 20. Qg3 Nh5 21. Qg5 Nxd3 22. Qxh5 Bxf5 23. Qxf5 Qc2 {0-1 (23) Peralta,F (2569)-Henderson de la Fuente,L (2365) Montcada 2017}) 11... Qe7 12. b5 a5 (12... Qd8 $11) 13. a4 Rd8 14. h3 c5 15. bxc6 $1 Nxc6 16. Nb5 ({Don't blunder} 16. Qxb6 $2 Nb4 $19) 16... Bb4 17. Bb2 Rac8 18. Bf5 Rb8 19. Rac1 g6 20. Bd3 Ne4 21. Bxe4 Qxe4 22. Ba3 Rbc8 23. Nf4 {[%cal Be2f4,Bf4d3,Bd3e5][%mdl 32]} Ba6 24. Nd3 {[%cal Ra3b4]} Bxa3 25. Qxa3 Bxb5 26. axb5 Na7 {[#]} (26... Qe7 $1 $11 {keeps the balance.} 27. Qb3 Na7) 27. Ne5 $1 $36 {[%mdl 2048] White has strong initiative.} Nxb5 (27... Qh4 $16) 28. Qb2 $18 Nd6 29. Qxb6 Ra8 {[#]} (29... Qf5 {was called for.} 30. Qxa5 Qe6) 30. Ra1 (30. Qc7 $1 $18 {is the precise move to win.}) 30... Nc4 $16 31. Nxc4 dxc4 32. Rxa5 Rab8 33. Qc7 Rdc8 34. Qd7 c3 35. Ra7 (35. Rc1 {feels hotter.} c2 36. Kh2 Qh4 37. Rc5 Rd8 38. Qg4) 35... Qe6 36. Qxe6 $1 fxe6 $14 {[%mdl 4096] Endgame KRR-KRR} 37. Rc1 c2 {Threatens to win with ...Rb1.} 38. Raa1 Rb5 39. Kf1 e5 40. dxe5 Rxe5 41. Ke2 Rc7 42. f4 Rec5 {The position is equal.} 43. Ra3 h5 44. g4 Kf7 45. g5 R5c6 46. Rd3 Kg7 47. h4 Kf7 48. Kd2 Kg7 49. Rd4 Kf7 50. e4 Ke6 51. Rd8 Rc4 52. Ke3 Rc3+ 53. Rd3 R3c4 54. Rd8 Rc3+ 55. Rd3 R3c4 56. Rd8 {Precision: White = 44%, Black = 54%.} 1/2-1/2

[Event "US-ch Women 2018"]
[Site "Saint Louis"]
[Date "2018.04.22"]
[Round "5"]
[White "Yu, Jennifer"]
[Black "Abrahamyan, Tatev"]
[Result "1/2-1/2"]
[WhiteElo "2367"]
[BlackElo "2366"]
[Annotator "TA"]
[PlyCount "117"]
[EventDate "2018.??.??"]
[EventType "tourn"]
[EventCountry "USA"]
[SourceTitle "playchess.com"]
[Source "ChessBase"]
[SourceQuality "1"]

{[%evp 13,117,21,31,25,23,23,31,31,87,16,15,5,21,0,0,0,5,-2,-7,-16,0,0,33,-14,-8,-40,-51,-40,-17,-29,-43,-58,-24,-32,-35,-36,-33,-75,-69,-78,-67,-58,-73,-148,-156,-144,-80,-140,-18,-66,-70,-134,-139,-164,-149,-143,-140,-188,-45,-68,0,0,0,0,0,0,0,0,0,0,0,0,0,0,13,10,25,0,134,155,157,33,97,92,171,0,0,0,0,0,0,0,0,0,0,0,0,0,0,0,0,0,0,0,0,0]} 1. e4 e6 2. d4 d5 3. exd5 exd5 4. Nf3 Nc6 5. Bd3 Bg4 6. c3 Bd6 7. O-O Nge7 {LiveBook: 152 Games} 8. b3 {C01: French: Exchange Variation} (8. Nbd2 Qd7 9. Re1 O-O 10. Nf1 h6 11. Ng3 Bxg3 12. hxg3 Rfe8 13. Qb3 a6 14. Bf4 f6 15. Nh2 Bf5 16. Bxf5 Nxf5 17. Qxb7 Reb8 18. Qxc7 Qxc7 19. Bxc7 {1-0 (64) Fressinet,L (2662)-Short,N (2678) Riadh 2017}) 8... Qd7 9. Na3 a6 10. Nc2 {White is slightly better.} f5 $146 (10... Bh5 $14) ({Predecessor:} 10... Bf5 11. c4 b6 12. Ne3 Bxd3 13. Qxd3 O-O 14. Re1 Rfe8 15. g3 Qh3 {1-0 (45) Hehir,M (2223)-Sienkiewicz,W (2205) ICCF email 2016}) 11. Re1 (11. c4 $16 b6 12. cxd5 Nxd5 13. Bxa6) 11... O-O $1 $11 12. c4 Ng6 13. c5 Bf4 {[%cal Bd6f4,Bf4h6,Bh6d2][%mdl 32]} 14. h3 Bh5 15. Bb2 Bh6 16. Bf1 Nd8 17. Nb4 Nf7 18. c6 bxc6 19. Ne5 ({Much weaker is} 19. Bxa6 Bxf3 20. Qxf3 Bd2 $17) 19... Nfxe5 20. Qxh5 Bd2 $1 {[%csl LRb4,LRe1]} 21. dxe5 Bxb4 22. Red1 a5 23. Rac1 Rae8 24. a3 Be7 $1 25. g3 Rb8 26. Qf3 Qe6 27. Qc3 Rb6 28. f4 (28. Bg2 $142) 28... Rfb8 $17 29. Rd3 Nf8 (29... Rxb3 $142 30. Qxb3 Rxb3 31. Rxb3 c5) 30. Bg2 (30. Qxa5 $142 Rxb3 31. Bd4) 30... Kh8 ({Black should play} 30... Rxb3 $17 31. Qxb3 Rxb3 32. Rxb3 Nd7) 31. Qc2 Nd7 32. Bd4 (32. Kh2 $15) 32... c5 $1 {[%cal Rc5d4]} 33. Bc3 d4 34. Bxa5 Rxb3 35. Bxc7 {[#]} Rb2 (35... Rxd3 $1 $19 36. Qxd3 Rb3) 36. Qa4 $15 Rxg2+ (36... Rc8 $15 37. Ba5 c4 38. Rxd4 Bc5) 37. Kxg2 $11 Rb2+ 38. Rc2 Rxc2+ 39. Qxc2 Qc6+ 40. Kh2 $1 Qxc7 {[#]} 41. Rxd4 $1 {[%mdl 512]} Nf8 (41... cxd4 42. Qxc7) 42. Rd1 g6 43. Qc4 Kg7 44. h4 Qc6 45. a4 {[%cal Ba3a4,Ba4a5][%mdl 32]} Ne6 {[#]} (45... Qf3 $1 $11 46. Rd2 Bxh4 47. gxh4 Ne6) 46. a5 $1 $16 {[%mdl 1024] White has strong compensation.} Nc7 47. Ra1 (47. Rd2 $16) 47... Na6 ({Black should try} 47... Qf3 $14) 48. Rb1 Bd8 (48... Nc7 $16) 49. Rb6 $2 ({Better is} 49. h5 $18) 49... Bxb6 $11 {The position is equal.} 50. Qxa6 Qf3 $1 51. axb6 {[%mdl 4096] Endgame KQ-KQ} Qf2+ $1 52. Kh3 {Strongly threatening Qb7+.} Qf3 {[%cal Rf3h1]} 53. Kh2 Qf2+ $1 54. Kh3 {Qb7+ is the strong threat.} Qf3 {[%cal Rf3h1]} 55. Qa1 {And now e6+ would win.} Qg4+ 56. Kg2 Qe2+ 57. Kg1 {aiming for e6+.} Qe3+ 58. Kh2 {Black must now prevent e6+.} Qe2+ 59. Kh3 {Precision: White = 36%, Black = 51%.} 1/2-1/2

[Event "US-ch Women 2018"]
[Site "Saint Louis"]
[Date "2018.04.22"]
[Round "5"]
[White "Derakhshani, Dorsa"]
[Black "Foisor, Sabina-Francesca"]
[Result "1/2-1/2"]
[WhiteElo "2306"]
[BlackElo "2308"]
[Annotator "TA"]
[PlyCount "130"]
[EventDate "2018.??.??"]
[EventType "tourn"]
[EventCountry "USA"]
[SourceTitle "playchess.com"]
[Source "ChessBase"]
[SourceQuality "1"]

{[%evp 16,130,0,-10,8,19,9,10,8,10,15,7,18,2,6,0,9,-18,-15,-28,-18,-20,-9,-11,0,-10,0,-5,0,-7,11,0,2,0,0,-9,-8,-15,0,-5,-5,-6,0,-10,4,0,0,0,0,0,0,0,0,0,0,0,0,0,0,0,-4,-4,-1,-1,-2,-1,-4,-31,-36,-18,-17,-17,-17,-16,0,-13,-13,-13,-1,-18,-13,-13,-14,-16,0,0,0,0,0,0,0,0,0,0,0,0,0,0,0,0,0,0,0,0,0,0,0,0,0,0,0,0,0,0,0,0,0]} 1. e4 e5 2. Nf3 Nc6 3. Nc3 Nf6 4. d4 exd4 5. Nxd4 Bb4 6. Nxc6 bxc6 7. Bd3 O-O 8. O-O d5 9. exd5 {LiveBook: 820 Games. C47: Scotch Four Knights and Four Knights with 4 g3} Bg4 (9... cxd5 10. Bg5 c6 11. Na4 h6 12. Bh4 Re8 13. c4 dxc4 14. Bxc4 Qxd1 15. Rfxd1 g5 16. Bg3 Ne4 17. a3 Bf8 18. Rac1 Nxg3 19. hxg3 Rb8 20. b4 Bf5 21. Bd3 Bxd3 22. Rxd3 {½-½ (36) Artemiev,V (2691)-Carlsen,M (2837) Riadh 2017}) 10. f3 Bh5 $1 11. dxc6 Qd4+ $1 12. Kh1 {[#] And now Bxh7+! would win.} Bxc3 13. bxc3 Qxc3 14. Rb1 Bg6 15. Bb2 Qxc6 {[#]} 16. Bxg6 $146 ({Predecessor:} 16. Bxf6 Qxf6 17. Bxg6 hxg6 {½-½ (26) Wei,Y (2734)-Vidit,S (2707) Liaocheng 2018}) 16... hxg6 17. Qd3 Rfd8 18. Qc3 Qxc3 19. Bxc3 Nd5 20. Bd4 Nb6 21. Rfd1 f6 22. Kg1 Kf7 23. Rd3 Rd5 24. Rbd1 Rad8 25. Kf2 Ra5 26. a3 c5 27. Be3 Rxd3 28. Rxd3 $11 {[%mdl 4096] Endgame KRB-KRN} Ke6 29. Bc1 c4 30. Rd8 Rb5 31. Ke2 Nd5 32. Rc8 c3 33. Kd3 Rb1 34. Be3 Rd1+ 35. Ke2 Ra1 36. Bxa7 Rxa3 37. Bd4 Ra2 38. Kd3 Nf4+ 39. Kxc3 Nxg2 40. Kb3 Ra5 41. Rc7 Nh4 42. f4 Rh5 {The position is equal.} 43. Bf2 Nf5 44. Bg3 Rh3 45. Rc3 Kd5 46. Kb4 Rh8 47. Rc4 Rb8+ 48. Kc3 Re8 49. Ra4 Nxg3 {KRN-KR} (49... Re2 {looks sharper.} 50. Kd3 Rg2 51. Ra5+ Kc6 52. Ra6+ Kc5) 50. Rd4+ Ke6 51. hxg3 {Black must now prevent Re4+. KR-KR} Kf5 52. Kb4 Kg4 53. Rd3 Rb8+ 54. Ka4 Rc8 55. c3 {[%cal Bc2c3,Bc3c4,Bc4c5][%mdl 32]} g5 56. fxg5 Kxg5 57. Kb5 Kg4 58. c4 f5 59. c5 g5 60. c6 f4 61. gxf4 gxf4 62. Kb6 f3 63. Kb7 {[#]} Rxc6 $1 {[%mdl 512]} 64. Kxc6 f2 65. Rd1 Kf3 {Precision: White = 62%, Black = 63%.} 1/2-1/2

[Event "US-ch Women 2018"]
[Site "Saint Louis"]
[Date "2018.04.22"]
[Round "5"]
[White "Goletiani, Rusudan"]
[Black "Feng, Maggie"]
[Result "0-1"]
[WhiteElo "2306"]
[BlackElo "2243"]
[Annotator "TA"]
[PlyCount "56"]
[EventDate "2018.??.??"]
[EventType "tourn"]
[EventCountry "USA"]
[SourceTitle "playchess.com"]
[Source "ChessBase"]
[SourceQuality "1"]

{[%evp 9,56,0,0,-40,-16,-21,-20,-27,-9,-20,4,-50,-42,-49,-69,-147,-152,-169,-147,-90,-85,-267,-253,-325,-324,-311,-319,-244,-204,-691,-636,-689,-685,-673,-682,-785,-785,-1311,-767,-908,-829,-784,-810,-853,-829,-764,-761,-833,-779]} 1. Nf3 d5 2. b3 Nf6 3. Bb2 e6 4. e3 Bd6 5. Ne5 (5. c4 c5 6. cxd5 exd5 7. Be2 Nc6 8. d4 cxd4 9. Nxd4 Bb4+ 10. Bc3 Qa5 11. Bxb4 Qxb4+ 12. Qd2 Nxd4 13. exd4 a5 14. O-O Ne4 15. Qe3 O-O {0-1 (26) Kryvoruchko,Y (2710)-Ganguly,S (2652) Berlin 2015}) 5... O-O {LiveBook: 3 Games} 6. Bd3 $146 {A06: Réti Opening:1 Nf3 d5} ({Find the theoretical novelty and annotate with similar games:} 6. f4 Ne4 7. Qh5 f6 8. Nf3 e5 9. Nc3 Nxc3 10. Bxc3 Qe8 11. Qxe8 Rxe8 12. fxe5 fxe5 {½-½ (48) Grabuzova,T (2327)-Kosintseva,N (2459) Kishinev 2005}) 6... c5 7. O-O Nc6 8. Nxc6 {The position is equal.} bxc6 9. f4 a5 10. g4 (10. Nc3 $11) 10... Nd7 $15 11. g5 e5 12. Bxh7+ (12. Kh1 $15) 12... Kxh7 $17 13. Qh5+ Kg8 {[%cal Bh7g8,Bg8f8,Bf8e7,Be7d6,Bd6e6][%mdl 32]} 14. Rf3 (14. f5 $142) 14... Re8 {[#] Strongly threatening ...Nf8.} 15. Rh3 $2 (15. f5 $17) 15... Kf8 $19 16. Na3 Ke7 17. Rf1 Ba6 18. fxe5 {[%csl Gf1][%cal Rh5f7] [#]} Bxf1 ({Inferior is} 18... Bxe5 19. Rxf7+ Kd6 20. d4 $11) 19. Rf3 $2 (19. exd6+ Kxd6 20. Kxf1) 19... Nxe5 {Black is clearly winning.} 20. Bxe5 Bxe5 21. Rxf7+ Kd6 {...Ba6 is the strong threat.} 22. Rxf1 Rf8 23. Re1 Qe8 24. Qg4 Qe6 25. Qxe6+ Kxe6 26. d4 Bd6 27. c4 Rf5 28. h4 Bg3 {Precision: White = 29%, Black = 67%.} 0-1

[Event "US-ch Women 2018"]
[Site "Saint Louis"]
[Date "2018.04.22"]
[Round "5"]
[White "Sharevich, Anna"]
[Black "Zatonskih, Anna"]
[Result "1/2-1/2"]
[WhiteElo "2281"]
[BlackElo "2444"]
[Annotator "TA"]
[PlyCount "223"]
[EventDate "2018.??.??"]
[EventType "tourn"]
[EventCountry "USA"]
[SourceTitle "playchess.com"]
[Source "ChessBase"]
[SourceQuality "1"]

{[%evp 11,223,7,7,0,5,0,1,0,0,-14,-27,-21,0,-29,-28,-65,-38,-56,-16,-28,0,-48,-43,-53,-54,-85,-77,-70,-65,-97,-68,-78,-57,-91,-93,-94,-67,-74,-50,-84,-80,-83,-76,-74,-16,-17,-10,-25,-11,-28,0,0,0,0,0,0,0,-12,0,-18,-6,-17,0,-18,0,-23,-18,-24,-12,-20,4,0,30,-9,-9,-9,-9,-12,-12,-16,10,0,0,0,0,0,0,0,63,72,80,80,195,80,80,80,79,0,0,0,16,0,-25,-77,-74,-185,0,-10,0,0,0,0,0,0,0,0,0,0,0,-139,-136,-136,-119,-246,-247,-239,-208,-226,-50,-50,-50,-50,-50,-240,-232,-225,0,0,0,0,0,0,0,0,0,0,0,0,0,0,0,0,0,0,0,0,0,0,0,0,0,0,0,0,0,0,0,0,0,0,0,0,0,0,0,0,0,0,0,0,0,0,0,0,0,0,0,0,0,0,0,0,0,0,0,0,0,0,0,0,0,0,0,0,0,0,0,0,0,0,0,0,0,0]} 1. d4 d5 2. Nf3 Nf6 3. Bf4 g6 4. e3 Bg7 5. h3 O-O 6. Be2 c5 {LiveBook: 54 Games. D02: 1 d4 d5 2 Nf3 sidelines, including 2...Nf6 3 g3 and 2...Nf6 3 Bf4} 7. O-O Qb6 8. Nc3 Bd7 $146 ({Predecessor:} 8... cxd4 9. Nb5 Ne8 10. exd4 Nc6 11. Qd2 Be6 12. Rfd1 a6 13. Nc3 Qxb2 14. Rab1 {0-1 (31) Mitkov,N (2528)-Petrosian,T (2616) Chicago 2008}) 9. Rb1 Rc8 10. Be5 e6 $1 11. Bh2 Be8 12. Ne5 a6 13. a3 Qa7 14. Na2 Ba4 15. Nc3 Be8 16. Na2 b5 17. c3 a5 18. dxc5 Qxc5 19. Nc1 Qe7 20. Ncd3 Na6 21. Nf3 {[%cal Be5f3,Bf3d2,Bd2b3,Bb3d4][%mdl 32]} Ne4 22. Be5 f6 23. Bh2 Kh8 24. Nd2 Nd6 25. Bf3 Bc6 26. Re1 Ne4 27. Nb3 a4 (27... Nc7 $17) 28. Nd4 $11 Be8 29. Nc2 Rd8 30. Ncb4 Nc7 31. Qe2 Na6 32. Nxa6 Rxa6 33. Nb4 Raa8 34. Rbd1 Rac8 35. Qc2 Ng5 36. Be2 Qb7 37. Bf4 Ne4 38. Bf3 g5 39. Bh2 Bg6 40. Qe2 Nc5 41. Bh5 Be4 42. f3 (42. h4 $5) 42... Bg6 43. Bxg6 hxg6 44. Bg3 Bf8 45. Nd3 Rd7 46. Bf2 Kg7 47. Nxc5 Bxc5 48. e4 {[%cal Be3e4,Be4e5][%mdl 32]} Bxf2+ 49. Qxf2 Rcd8 ({Black should try} 49... e5 $11) 50. e5 $14 Qa7 51. Rd4 Rf8 (51... f5 $16) 52. Qg3 (52. exf6+ $18 {and the rest is easy.} Rxf6 53. Re5) 52... f5 $16 53. Qxg5 f4 54. h4 (54. g4 $16) 54... Rf5 $11 55. Qg4 Rdf7 56. h5 g5 57. h6+ (57. Kh2 $11) 57... Kg6 $17 58. Kf2 {[#]} (58. g3 $17 {keeps fighting.}) 58... Rh7 $2 (58... b4 $1 $19 {aiming for ...bxc3.} 59. axb4 a3 60. bxa3 Qxa3) 59. Rh1 $11 {[%csl Gh1][%cal Rg4h5]} Rxh6 60. Rxh6+ Kxh6 {[%mdl 4096] Endgame KQR-KQR} 61. Qh3+ Kg7 62. g3 fxg3+ 63. Qxg3 Kg6 64. Kg2 Qc7 65. f4 (65. Rg4 $11 {remains equal.}) 65... Qf7 $17 66. Qg4 Qh7 67. Rd3 {[#]} (67. Rb4 $17) 67... Qh5 $1 $19 {[%cal Rh5g4]} 68. Qxh5+ Kxh5 69. fxg5 Rxe5 $2 {KR-KR} ({Worse is} 69... Rxg5+ 70. Kf2 $15) (69... Kxg5 $19 70. Rd2 Kg4 71. Rd4+ Rf4) 70. Kf3 $1 $15 Re4 71. Rd1 $1 Kxg5 72. Rg1+ $2 ({White must play} 72. Rh1 $15) 72... Kf5 $19 73. Rg8 Re1 $2 (73... Rh4 $19 {White must now prevent ...Rh2.} 74. Rf8+ Ke5) 74. Rb8 {The position is equal.} e5 75. Rxb5 e4+ 76. Kf2 Rd1 {Black wants to play ...Kf4.} 77. Ke2 Rd3 78. c4 Kf4 {Hoping for ...Re3+.} 79. cxd5 Rh3 80. d6 {Strongly threatening Rd5.} Rd3 81. Rb6 Rd5 82. Ra6 Rd4 83. d7 Rxd7 84. Rf6+ Ke5 85. Ra6 Rb7 86. Rxa4 Rxb2+ 87. Ke3 Rb3+ 88. Ke2 Kf4 89. Ra8 Rb2+ 90. Kd1 Ke3 91. Rh8 Ra2 92. Rh3+ Kd4 93. Rb3 Ke5 94. Ke1 Kf4 95. Rc3 Rb2 96. Kf1 Ke5 97. Ke1 Kd4 98. Rh3 Kc4 99. Re3 Kd4 100. Rh3 Rg2 101. Kd1 Ra2 102. Ke1 Ra1+ 103. Ke2 Ra2+ 104. Ke1 e3 {...Kd3 is the strong threat.} 105. Rh8 Rxa3 106. Rd8+ Ke4 107. Re8+ Kd3 {[%cal Ra3a1]} 108. Rd8+ Kc2 109. Ke2 Rc3 110. Re8 Kb3 111. Rxe3 Rxe3+ 112. Kxe3 {Precision: White = 61%, Black = 54%.} 1/2-1/2

[Event "US-ch Women 2018"]
[Site "Saint Louis"]
[Date "2018.04.22"]
[Round "5"]
[White "Gorti, Akshita"]
[Black "Wang, Annie"]
[Result "1/2-1/2"]
[WhiteElo "2252"]
[BlackElo "2321"]
[Annotator "TA"]
[PlyCount "127"]
[EventDate "2018.??.??"]
[EventType "tourn"]
[EventCountry "USA"]
[SourceTitle "playchess.com"]
[Source "ChessBase"]
[SourceQuality "1"]

{[%evp 17,127,0,4,1,4,10,10,10,17,17,16,12,16,7,9,4,6,8,10,3,18,-2,1,0,0,0,0,0,0,0,0,0,0,0,0,0,0,0,0,0,17,0,9,10,12,0,0,0,0,0,0,0,0,-2,-13,-30,0,-7,0,0,0,0,0,0,14,21,80,83,67,62,121,124,133,133,143,132,265,266,344,369,354,353,334,308,286,37,162,54,43,0,0,0,0,-93,-8,-10,-8,-11,0,0,0,0,0,0,0,0,0,0,0,0,0,0]} 1. d4 e6 2. Nf3 Nf6 3. e3 d5 4. Bd3 Be7 5. O-O O-O 6. Nbd2 b6 7. e4 dxe4 8. Nxe4 Bb7 9. Qe2 Nbd7 {LiveBook: 5 Games} 10. Rd1 {A47: 1 d4 Nf6 2 Nf3 b6: Torre, London and Colle Systems} Nxe4 11. Bxe4 Bxe4 12. Qxe4 Nf6 13. Qe2 (13. Qc6 Rc8 14. Ne5 Bd6 15. Bg5 h6 16. Bxf6 Qxf6 17. Nd7 Qh4 {1-0 (50) Vasquez Schroder,R (2506)-Gonzalez Zamora,J (2552) ICC INT 2010}) 13... Qd6 14. c4 c5 15. Bg5 $146 ({Predecessor:} 15. Be3 cxd4 16. Bxd4 Qc7 17. Be5 Qb7 18. h3 Rfd8 19. Bf4 Qe4 20. Qxe4 Nxe4 {½-½ (36) Hock,M (1877)-Bauer,F (1953) Bayern 2015}) 15... Rad8 16. h3 cxd4 17. Nxd4 Qc5 18. Be3 {aiming for Nxe6!} Qc7 19. Rdc1 Bc5 20. Nb5 Qb7 21. a3 Bxe3 22. Qxe3 Rd7 23. Rd1 Rfd8 24. Rxd7 Rxd7 25. Rc1 h6 26. b4 Qc6 27. Nd4 Qd6 28. Nb5 Qc6 29. Nd4 Qd6 30. Nf3 Rc7 31. Qe2 Qf4 32. Rc2 Kf8 33. g3 (33. Ne5 {seems wilder.} Qe4 34. Kf1 Qd4 35. g3 Nd7 36. Qd3) 33... Qe4 {With the idea ...Qxe2.} 34. Qxe4 Nxe4 $11 {[%mdl 4096] Endgame KRN-KRN} 35. Kf1 Nd6 36. Nd2 Ke7 (36... Nb5 $5) 37. a4 a5 38. bxa5 bxa5 39. c5 Nb7 40. Nb3 Rc6 41. f4 Kf6 (41... f6 $11) 42. Ke2 $16 e5 43. Kf3 g5 ({Black should try} 43... Ke6 $14) 44. Ke4 exf4 45. gxf4 gxf4 46. Kxf4 Ke7 (46... Nd8 $16) 47. Ke5 $18 Rg6 {[#]} 48. Nd4 $1 Kd8 49. Kd5 Kc8 50. h4 Nd8 {[#]} 51. Rb2 $2 (51. c6 $1 $18) 51... Kc7 (51... Rg4 $14) 52. Rb5 (52. Rf2 $18) 52... Rg4 $14 53. Rb3 Rxh4 54. Nb5+ Kd7 {Threatens to win with ...Nc6.} 55. Nc3 (55. Nd4 $11 {keeps the balance.}) 55... Rh5+ (55... Rb4 $17 56. Rb1 Nc6 57. Rxb4 axb4) 56. Kc4 $11 {The position is equal.} Ne6 {White must now prevent ...Rh4+.} 57. Rb7+ Kc6 58. Rb6+ Kd7 59. Rd6+ Kc8 60. Nd5 Rg5 61. Rc6+ Kd7 62. Rd6+ Kc8 $1 63. Rc6+ Kd7 64. Rd6+ {Precision: White = 63%, Black = 55%.} 1/2-1/2

[Event "US-ch Women 2018"]
[Site "Saint Louis"]
[Date "2018.04.23"]
[Round "6"]
[White "Zatonskih, Anna"]
[Black "Krush, Irina"]
[Result "0-1"]
[WhiteElo "2444"]
[BlackElo "2422"]
[Annotator "TA"]
[PlyCount "80"]
[EventDate "2018.??.??"]
[EventType "tourn"]
[EventCountry "USA"]
[SourceTitle "playchess.com"]
[Source "ChessBase"]
[SourceQuality "1"]

{[%evp 18,80,33,14,32,18,21,20,13,27,29,13,30,0,0,0,10,0,6,-36,-30,-30,-32,-27,-29,-35,-37,-39,-31,-30,-35,-66,-56,-97,-99,-174,-174,-174,-168,-231,-206,-194,-166,-291,-261,-291,-275,-289,-284,-241,-189,-183,-173,-543,-527,-874,-873,-781,-854,-837,-765,-830,-825,-803,-789]} 1. d4 Nf6 2. Nf3 e6 3. e3 d5 4. c4 a6 5. b3 (5. Nc3 dxc4 6. Bxc4 c5 7. O-O b5 8. Be2 Bb7 9. dxc5 Qxd1 10. Rxd1 Nc6 11. b3 Bxc5 12. Bb2 O-O 13. Nd2 Be7 14. Bf3 Rfd8 15. Nde4 Nxe4 16. Nxe4 f5 17. Ng3 Na5 18. Ne2 Bxf3 19. gxf3 Kf7 20. f4 Rxd1+ 21. Rxd1 {1-0 (46) Andreikin,D (2712)-Yu,Y (2751) Huaian 2017}) 5... c5 6. cxd5 {D30: Queen's Gambit Declined: Systems without Nc3} exd5 7. Bb2 Nc6 8. Nbd2 cxd4 9. Nxd4 Bd6 10. Be2 {LiveBook: 3 Games} O-O 11. O-O Re8 12. Nxc6 bxc6 13. Qc2 Bd7 14. Rfd1 $146 ({Predecessor:} 14. Nf3 Ne4 15. Rfd1 Re6 16. g3 Rh6 17. Bf1 Qe7 18. Bg2 {0-1 (34) Gislason,G (2303)-Loftsson,H (2192) Reykjavik 2016}) 14... Qe7 15. Nf1 Ne4 16. Bd3 Qh4 17. f3 Ng5 18. Qf2 (18. Bf5 {looks sharper.} Bxf5 19. Qxf5 Bc5 20. Bd4 Ba3 21. Qc2) 18... Qh6 19. f4 Ne4 $36 {[%mdl 2048] Black is pushing.} 20. Bxe4 Rxe4 21. Rac1 a5 22. Nd2 Ree8 23. Nf3 a4 24. Bd4 Ba3 25. Rc3 Qd6 26. Be5 (26. Ne1 $17) 26... Qe7 $19 {aiming for ...f6.} 27. Rc2 f6 28. Bd4 (28. Bb2 $142) 28... axb3 29. axb3 Rab8 30. Nd2 (30. h3 {was necessary.}) 30... c5 31. Bb2 Bf5 ({But not} 31... Bxb2 32. Rxb2 c4 33. Nf3 $19) 32. e4 dxe4 33. Qe3 Bxb2 34. Rxb2 Rbd8 {[#] Hoping for ...Rd3.} 35. Rc1 $2 (35. Re1) 35... Rd3 {Black is clearly winning.} 36. Qxc5 Qxc5+ 37. Rxc5 e3 38. Nf1 e2 39. Rxe2 Rxe2 40. Rxf5 Rd1 {Precision: White = 41%, Black = 93%.} 0-1

[Event "US-ch Women 2018"]
[Site "Saint Louis"]
[Date "2018.04.23"]
[Round "6"]
[White "Abrahamyan, Tatev"]
[Black "Gorti, Akshita"]
[Result "1-0"]
[WhiteElo "2366"]
[BlackElo "2252"]
[Annotator "TA"]
[PlyCount "71"]
[EventDate "2018.??.??"]
[EventType "tourn"]
[EventCountry "USA"]
[SourceTitle "playchess.com"]
[Source "ChessBase"]
[SourceQuality "1"]

{[%evp 26,71,4,0,-16,-24,0,0,0,0,0,0,0,0,0,0,0,0,0,0,15,0,112,115,109,107,120,133,118,100,128,113,187,173,356,361,29990,29981,29981,29982,29982,29983,29983,29984,29983,29985,29981,1914]} 1. e4 e6 2. d4 d5 3. Nc3 Bb4 4. exd5 exd5 5. Bd3 Nc6 6. a3 Bxc3+ 7. bxc3 Nge7 8. Qh5 Be6 9. Rb1 b6 10. Nf3 {C01: French: Exchange Variation} Qd7 11. Ng5 O-O-O 12. Nxe6 (12. O-O Bg4 13. Qxf7 h6 14. f3 Bf5 15. Bxf5 Nxf5 16. Qxd7+ Rxd7 17. Nh3 Re8 {½-½ (32) Alekseev,E (2682)-Sethuraman,S (2613) St Petersburg 2014}) 12... Qxe6+ 13. Be3 g6 14. Qf3 {LiveBook: 15 Games} Nf5 15. O-O Nxe3 16. Rfe1 f5 17. Rxe3 Qd6 18. Ba6+ $146 Kb8 19. a4 $36 {[%mdl 2048] White has the initiative.} Rhe8 20. Rbe1 Rxe3 21. Qxe3 Qa3 22. Qd3 Na5 23. Bb5 c6 (23... f4 $11) 24. Ba6 $1 $16 Qd6 25. Qe3 Nb7 26. Qg5 Rd7 27. h4 {[%cal Bh2h4,Bh4h5][%mdl 32]} Kc7 28. h5 Qa3 {[#]} (28... Nd8 $16 {keeps fighting.}) 29. Re8 $1 $18 ({Worse is} 29. hxg6 hxg6 30. Qxg6 Qxc3 $11) 29... Nd6 $2 {[#]} (29... Qd6 30. Ra8 Re7) 30. Ra8 $1 {[%cal Ra8a7]} Ne4 $2 (30... Nb7 $18 31. hxg6 hxg6 32. Qg3+ (32. Rxa7 Kb8 $16) 32... f4 33. Qxf4+ Qd6) 31. Rc8+ {White mates.} Kd6 32. Qf4+ Ke7 33. Qe5+ Kf7 34. hxg6+ hxg6 35. Qe8+ Kf6 36. Qxd7 {Precision: White = 95%, Black = 33%.} (36. Rxc6+ $142 Qd6 37. Qxd7 Qxc6 38. Qxc6+ Kg5 39. f3 Ng3 40. Qxd5 Kh6 41. Qf7) 1-0